|
|
|
|
| LEADER |
00999nam a22003012a 4500 |
| 001 |
000853635 |
| 003 |
CZ BrMZK |
| 005 |
20070611073852.0 |
| 007 |
ta |
| 008 |
070611s1985 xr af er|||||||||||cze d |
| 015 |
|
|
|a cnb000014032
|
| 035 |
|
|
|a (OCoLC)13746347
|
| 040 |
|
|
|a BOA001
|b cze
|
| 080 |
9 |
|
|a 792.071.028(437.1)"19"
|
| 080 |
9 |
|
|a 792(437.262)
|
| 080 |
9 |
|
|a 92
|
| 100 |
1 |
|
|a Zbavitel, Miloš,
|d 1921-2014
|7 jk01152287
|4 aut
|
| 245 |
1 |
0 |
|a Osm hereckých portrétů :
|b herci staré gardy ostravské činohry /
|c Miloš Zbavitel
|
| 250 |
|
|
|a 1. vyd.
|
| 260 |
|
|
|a Ostrava :
|b Profil,
|c 1985
|
| 300 |
|
|
|a 251 s., obr. příl.
|
| 856 |
4 |
1 |
|u http://www.digitalniknihovna.cz/mzk/uuid/uuid:73671fa0-6b75-11e2-8aec-005056827e52
|y Digitalizovaný dokument
|x NDK
|
| 910 |
|
|
|a BOA001
|b 2-0898.887
|
| 964 |
|
|
|a Ostrava - divadlo
|
| 964 |
|
|
|a Čeští herci - Ostrava
|
| 990 |
|
|
|a BK
|
| 991 |
|
|
|b 200706
|
| 996 |
6 |
|
|b 2619323530
|c 2-0898.887
|l MZK
|r Sklad / do 1 hodiny
|n 1
|w 000853635
|u 000010
|a 1
|e BOA001
|j MZK50
|s P
|